| 000 | 00446 a2200157 4500 | ||
|---|---|---|---|
| 999 |
_c30281 _d30281 |
||
| 003 | NUST | ||
| 005 | 20180118114554.0 | ||
| 008 | 180118b xxu||||| |||| 00| 0 eng d | ||
| 020 | _a0521811856 | ||
| 020 | _a9780521811859 | ||
| 082 | _a530.11 | ||
| 100 | 1 |
_aStephani, Hans. _98625 |
|
| 245 | 1 | 0 |
_aRelativity : _ban introduction to special and general relativity / _cHans Stephani. |
| 250 | _a3rd ed. | ||
| 260 |
_a[S.l.] : _bCambridge University Press, _c2004. |
||
| 300 |
_a416 p. ; _c23 cm. |
||
| 942 |
_aSNS _cBK _k530.11 STE _2ddc |
||